Представление документа в формате RUSMARC

ПолеНазваниеЗначение
  Тип записи a
  Библиографический уровень m
001 Контрольный номер RU/УОНБ/EK/545580668
005 Дата корректировки 20250616110432.3
010 Индекс ISBN __
d Цена 1 р. 90 к.
9 Тираж 650 экз.
b Уточнения в пер.
100 Данные общей обработки __
a Данные общей обработки 20170415d1990 k y0rusy0189||||ca
101 Язык документа 0_
a Язык текста rus
102 Страна публикации __
a Страна публикации RU
105 Кодированные данные (монография) __
a Кодированные данные (монография) a z 001yy
200 Заглавие и сведения об ответственности 1_
a Заглавие Обоснование параметров средств механизации в растениеводстве
e Сведения, относящиеся к заглавию сб. науч. трудов
f Первые сведения об ответственности ред. Э.И. Липкович
g Последующие сведения об ответственности ВАСХНИЛ, Рос. акад. с.-х. наук, Всерос. науч.-исслед. и проектно-технолог. ин-т механиз. и элетрофик. сельск. хоз-ва
210 Выходные данные 1_
a Место издания Зерноград
c Издательство ВНИПТИМЭСХ
d Дата издания 1990
215 Физическое описание __
a Объем 236 с.
c Иллюстрации/тип воспроизводства ил.
d Формат 21 см
320 Библиография __
a Библиография Библиогр. в конце ст.
606 Тематические рубрики 0_
a Основная рубрика Сельскохозяйственные машины и орудия
x Основная подрубрика Параметры
j Формальный подзаголовок Сборники
606 Тематические рубрики 0_
a Основная рубрика Растениеводство
x Основная подрубрика Механизация
610 Ключевые слова 0_
a Ключевые слова сельскохозяйственные машины и орудия
610 Ключевые слова 0_
a Ключевые слова растениеводство
686 Индексы других классификаций __
a Классификационный индекс 40.711
2 Код системы rubbk
702 Вторичная интеллектуальная ответственность _1
a Фамилия Липкович
b Имя (инициалы) Э.И.
4 Код отношения 340
712 Наименование организации (Вторичная ответственность) 02
a Организация/ юрисдикция Всероссийский научно-исследовательский и проектно-технологический институт механизации и электрификации сельского хозяйства
4 Код отношения 570
801 Источник записи _0
a Страна RU
b Организация Ульяновская ОНБ
c Дата составления 20170415
g Правила каталогизации RCR
801 Источник записи _1
a Страна RU
b Организация Ульяновская ОНБ
c Дата составления 20170415
g Правила каталогизации RCR
901 Тип документа __
t Тип документа m
909 Создатель записи __
a Создатель записи Осокина
938 Служебная информация __
a Имя БД retro
b Имя библиотеки УОНБ
c Имя АИБС МАРК-SQL
d Номер DOC_ID в БД 212740